01293cam a2200229 a 45000010008000000030006000080050017000140080041000310100013000720200032000850400018001170500024001350820018001592450079001772600048002563000027003045000107003315040029004385050530004676300041009977000025010388195578OCoLC20250630073402.0820202m19829999txu b 000 0 eng  a81071764 a0849901561 (v. 3) :c$14.95 aDLCcDLCdFIN00aBS2341.2b.C65 198200aREF 225.721904aThe Communicator's commentary: Joshua /cLloyd J. Ogilvie, general editor. aWaco, Tex. :bWord Books,cc1982- av. <1-11 > ;c24 cm. aEach volume has the title proper: Communicator's commentary, followed by its part title, Matthew, etc. aIncludes bibliographies.1 av. 1. Matthew / Myron S. Augsburger -- v. 2. Mark / David L. McKenna -- v. 3. Luke / Bruce Larson -- v. 4. John / Roger L. Fredrikson -- v. 5. Acts / Lloyd J. Ogilvie -- v. 6. Romans / D. Stuart Briscoe -- v. 7. 1, 2 Corinthians / Kenneth L. Chafin -- v. 8. Galatians, Ephesians, Philippians, Colossians, Philemon / Maxie D. Dunnam -- v. 9. 1, 2 Thessalonians, 1, 2 Timothy, Titus / Gary W. Demarest -- v. 10. Hebrews / Louis H. Evans, Jr. -- v. 11. James, 1, 2 Peter, Jude / Paul A. Cedar -- v. 12. 1, 2, 3 John, Revelation00aBible.pNew TestamentvCommentaries.1 aOgilvie, Lloyd John.